00270nam a2200097 a 450000500170000000800410001705000220005824500540008065000160013465000220015020140414093837.0030610s19uu xx 00 eng d aCDR 570bBIO 1996 aBiological sciences :bthe five kingdoms of life. aDictionary. aKingdoms of life.